Every Governor of the United States Virgin Islands - Statistics

General Stats
  • This quiz has been taken 2 times
  • The average score is 5 of 9
Answer Stats
Picture Hint Answer % Correct
D(2019-) Albert Bryan
100%
D(1987-1995) Alexander Farrelly
50%
D(1999-2007) Charles Wesley Turnbull
50%
IDM(1975-1978) Cyril King
50%
I(1978-1987) Juan Francisco Luis
50%
I(2015-2019) Kenneth Mapp
50%
R(1970-1975) Melvin H. Evans
50%
I(1995-1999) Roy Schneider
50%
D(2007-2015) John de Jongh
0%
No matching quizzes found
Score Distribution
Percent of People with Each Score
Percentile by Number Answered
Your Score History
You have not taken this quiz